A technical and economic evaluation of the atmospheric containment technology for radioactive isotope releases from nuclear fuel reprocessing plants /

Bibliographic Details
Main Author: Cooper, Hal B. H.
Other Authors: Gautam, Sulaksh R.
Format: Book
Language:English
Published: [Austin] : Center for Energy Studies, University of Texas at Austin, 1978.
Series:Environmental study (University of Texas at Austin. Center for Energy Studies) ; no. 2.
Subjects:

MARC

Tag First Indicator Second Indicator Subfields
LEADER 00000cam a2200000 a 4500
001 in00000075534
005 20151008053636.0
008 790914s1978 txu b s00010 engm
010 |a  79623879  
035 |a (OCoLC)05063167 
035 |9 AAH8128AM 
040 |a DLC  |c DLC  |d m.c.  |d TXA  |d UtOrBLW 
049 |a TXAM  |c [1671569] 
050 0 0 |a TD899.R3  |b C66 
082 0 |a 621.48/38 
100 1 |a Cooper, Hal B. H. 
245 1 2 |a A technical and economic evaluation of the atmospheric containment technology for radioactive isotope releases from nuclear fuel reprocessing plants /  |c by Hal B.H. Cooper, Jr. and Sulaksh R. Gautam. 
264 1 |a [Austin] :  |b Center for Energy Studies, University of Texas at Austin,  |c 1978. 
300 |a iv, 82 pages ;  |c 28 cm. 
336 |a text  |b txt  |2 rdacontent 
337 |a unmediated  |b n  |2 rdamedia 
338 |a volume  |b nc  |2 rdacarrier 
490 1 |a Environmental study ;  |v no. 2 
504 |a Bibliography: pages 78-82. 
650 0 |a Reactor fuel reprocessing  |x Waste disposal. 
650 0 |a Gases  |x Purification. 
700 1 |a Gautam, Sulaksh R. 
830 0 |a Environmental study (University of Texas at Austin. Center for Energy Studies) ;  |v no. 2. 
999 |a MARS 
999 f f |s a6f67ddb-2be9-3e9d-bf07-7f70178d8a3a  |i e203b654-cb39-36ec-8fe1-4d98a106c27f  |t 0 
952 f f |p ric  |a Texas A&M University  |b Rellis Campus  |c Joint Library Facility  |d Remote Storage  |t 0  |e TD899.R3 C66  |h Library of Congress classification  |i unmediated -- volume  |m A14806246122 
998 f f |a TD899.R3 C66  |t 0  |l Remote Storage